| 000 | 00906na a2200289 4500 | ||
|---|---|---|---|
| 001 | 13951 | ||
| 003 | MIRAKIL | ||
| 005 | 20181213155022.0 | ||
| 008 | 161024b tu 000 0 | ||
| 020 | _a9786055988166 | ||
| 035 | _a13951 | ||
| 040 |
_aMilas _btur _cTR-AnCHP |
||
| 041 | _atur | ||
| 082 |
_a818.4209 _bA52k 2009 |
||
| 090 | _a818.4209 A52k 2009 | ||
| 100 | _aAnar | ||
| 245 |
_aKerem gibi _bNazım Hikmet'in hayatı ve sanatı hakkında düşünceler _cAnar |
||
| 246 | _aNazım Hikmet'in hayatı ve sanatı hakkında düşünceler | ||
| 260 |
_aAnkara _bBengü Yayınları _c2009 |
||
| 300 |
_a357 s. _bfotg. _c21 sm. |
||
| 440 |
_aBengü yayınları _v12 |
||
| 490 |
_aAzerbeycan Edebiyatı _v8 |
||
| 600 |
_aNazım Hikmet _d1902 - 1963 _xYaşamöyküsü |
||
| 650 |
_aTürkçe şiir _xDenemeler |
||
| 650 |
_aTürk şairler _xAraştırma ve inceleme _yDenemeler |
||
| 942 |
_2dcc _cBKS |
||
| 999 |
_c4935 _d4935 |
||